Sefiller kervanı: öykü (Record no. 12246)

000 -LEADER
fixed length control field 00925nmm a2200277 a 4500
001 - CONTROL NUMBER
control field ocm000984835
003 - CONTROL NUMBER IDENTIFIER
control field TR-IsHL
005 - DATE AND TIME OF LATEST TRANSACTION
control field 20201028153818.0
008 - FIXED-LENGTH DATA ELEMENTS--GENERAL INFORMATION
fixed length control field 150412s2007 tu tur
007 - PHYSICAL DESCRIPTION FIXED FIELD--GENERAL INFORMATION
fixed length control field cr cn
020 ## - INTERNATIONAL STANDARD BOOK NUMBER
International Standard Book Number 9789756106778
035 ## - SYSTEM CONTROL NUMBER
System control number 984835
-- (N$T)
050 04 - LIBRARY OF CONGRESS CALL NUMBER
Classification number PA5610.A84
Item number S4419 2007
090 04 - LOCALLY ASSIGNED LC-TYPE CALL NUMBER (OCLC); LOCAL CALL NUMBER (RLIN)
Classification number (OCLC) (R) ; Classification number, CALL (RLIN) (NR) PA5610.A84
Local cutter number (OCLC) ; Book number/undivided call number, CALL (RLIN) S4419 2007
100 1# - MAIN ENTRY--PERSONAL NAME
Personal name Avgerinos, Tasos
245 10 - TITLE STATEMENT
Title Sefiller kervanı: öykü
Medium [electronic resource] /
Statement of responsibility, etc. Tasos Avgerinos ; çeviren Rıza Özlütaş
260 ## - PUBLICATION, DISTRIBUTION, ETC.
Place of publication, distribution, etc. İstanbul :
Name of publisher, distributor, etc. Evrensel Basım Yayın,
Date of publication, distribution, etc. 2007
300 ## - PHYSICAL DESCRIPTION
Extent 129 p.
650 #4 - SUBJECT ADDED ENTRY--TOPICAL TERM
Topical term or geographic name entry element Dil ve Edebiyat
650 #4 - SUBJECT ADDED ENTRY--TOPICAL TERM
Topical term or geographic name entry element Language and Literature
650 #0 - SUBJECT ADDED ENTRY--TOPICAL TERM
Topical term or geographic name entry element Kısa hikayeler, Yunan
650 #0 - SUBJECT ADDED ENTRY--TOPICAL TERM
Topical term or geographic name entry element Short stories, Greek
650 #7 - SUBJECT ADDED ENTRY--TOPICAL TERM
Topical term or geographic name entry element LITERARY COLLECTIONS / European / General
Source of heading or term bisacsh
700 1# - ADDED ENTRY--PERSONAL NAME
Personal name Özlütaş, Rıza
856 40 - ELECTRONIC LOCATION AND ACCESS
Uniform Resource Identifier <a href="http://search.ebscohost.com/login.aspx?direct=true&scope=site&db=e011xww&AN=984835">http://search.ebscohost.com/login.aspx?direct=true&scope=site&db=e011xww&AN=984835</a>
Holdings
Withdrawn status Lost status Source of classification or shelving scheme Damaged status Not for loan Collection code Permanent Location Current Location Date acquired Total Checkouts Full call number Barcode Date last seen Price effective from Koha item type
        Online   Kıbrıs Amerikan Üniversitesi Kütüphanesi / American University of Cyprus Kıbrıs Amerikan Üniversitesi Kütüphanesi / American University of Cyprus 28.10.2020   PA5610.A84 S4419 2007 984835 28.10.2020 28.10.2020 E-Kitap
Devinim Yazılım Eğitim Danışmanlık tarafından Koha'nın orjinal sürümü uyarlanarak geliştirilip kurulmuştur.